Comprendre et soigner les états-limites (notice n° 2121373)
[ vue normale ]
| 000 -LEADER | |
|---|---|
| fixed length control field | 01284cam a2200133 4500500 |
| 005 - DATE AND TIME OF LATEST TRANSACTION | |
| control field | 20260405020224.0 |
| 041 ## - LANGUAGE CODE | |
| Language code of text/sound track or separate title | fre |
| 042 ## - AUTHENTICATION CODE | |
| Authentication code | dc |
| 100 10 - MAIN ENTRY--PERSONAL NAME | |
| Personal name | Bourgeois, Didier |
| Relator term | author |
| 245 00 - TITLE STATEMENT | |
| Title | Comprendre et soigner les états-limites |
| 260 ## - PUBLICATION, DISTRIBUTION, ETC. | |
| Name of publisher, distributor, etc. | Dunod,<br/> |
| Date of publication, distribution, etc. | 2019.<br/> |
| 520 ## - SUMMARY, ETC. | |
| Summary, etc. | Le concept psychiatrique « d'états limites » (borderline) désigne des personnalités dont le point commun est une faille narcissique primordiale, dont l'expression peut prendre diverses formes névrotiques ou psychotiques. On les retrouve de plus en plus fréquemment dans tous les domaines des pathologies psychiatriques (perversions, addictions, TCA etc.). Très répandue (+ de 30% des demandes de consultation), cette pathologie était jusqu'à présent surtout étudiée du point de vue théorique. Cet ouvrage illustré de plus de 25 vignettes cliniques propose : 1. Des outils pour diagnostiquer - 2. Une clinique - 3. Des techniques précises de prise en charge. Cette nouvelle édition entièrement revue et mise à jour a été l'occasion de développer certains aspects cliniques inédits et des formules nouvelles de prise en charge thérapeutique. |
| 856 41 - ELECTRONIC LOCATION AND ACCESS | |
| Uniform Resource Identifier | <a href="https://shs.cairn.info/comprendre-et-soigner-les-etats-limites--9782100788392?lang=fr&redirect-ssocas=7080">https://shs.cairn.info/comprendre-et-soigner-les-etats-limites--9782100788392?lang=fr&redirect-ssocas=7080</a> |
Pas d'exemplaire disponible.




Réseaux sociaux